00957cam a2200265 a 4500001000400000003001000004005001700014008004100031020001800072040002500090080002500115090002500140245009800165260003900263300002000302504002500322590004300347650002700390650002600417650003800443700003900481942001200520952014600532999001300678197BR-CuiBMT20231108000032.0230828s2023 mgb 000 0 por d a9788545007449 aBR-CuiBMTcBR-CuiBMT 22007a342.9:35.078.2 a342.9:35.078.2bD59800aDireito da regulação econômica :bteoria e prática /cGustavo Binenbojm ... [et al.]. aBelo Horizonte :bFórum,cc2020. a400 p. ;c24 cm aInclui bibliografia. aA biblioteca possui a 1. reimpr. 2020. aDireito administrativo aDireito regulatório aEconomiaxAspectos regulatórios1 aBinenbojm, Gustavo,d1972-4et al. 2udccLV 00102udc4070aBIBTCEMTbBIBTCEMTd2023-06-28l0o342.9:35.078.2 D598pBIBTCEMT23080174r2023-08-28tEx. 1w2023-08-28yLVz1. reimpr. 2023 c197d197